| 000 | 00493nam a22001817a 4500 | ||
|---|---|---|---|
| 005 | 20140506160630.0 | ||
| 010 | _aENG-109881 | ||
| 020 |
_a9788184981377 _c149.00 |
||
| 035 | _aEN-93414 | ||
| 037 | _bDBAD/PUB | ||
| 082 | _aS | ||
| 100 | _aKimura, Rei | ||
| 245 | 0 | 0 |
_aAwa Maru = Titanic of Japan / _cby Rei Kimura |
| 260 |
_aPune _bMehta Publishing House _c2010 |
||
| 270 |
_a1941, Sadashiv Peth, Mediwalie Colony _bPune _e411030 |
||
| 300 |
_a170p. _c21cm(pbk) |
||
| 942 |
_2ddc _cEN _mKIM _hS |
||
| 999 |
_c83757 _d83757 |
||